000 01309nam a22002657a 4500
005 20170124103209.0
010 _aA-923656
020 _c400.00
_a8173152187
035 _aA-923656
037 _bCen Lib/Ret
040 _aDPL
_bHN
082 _a425
_bतिवारी
100 _aतिवारी, भोलानाथ
_995827
245 _aअंग्रेजी हिंदी मुहावरा -लोकोक्ति कोश /
_c भोलानाथ तिवारी [एवं] द्रिजेंद्र नाथ
246 _aAngreji hindi muhavra - lokokti kosh
_bby Bholanath Tiwari [evam] Drijendra Nath
260 _aनई दिल्ली
_bप्रभात प्रकाशन
_c1998
270 _a4/19, आसफ अली रोड
_bनई दिल्ली
_e110002
300 _a591पृष्ठ.
_c22सेमी(सजिल्द)
650 _aमुहावरा कोश
_942948
650 _aहिंदी अंग्रेजी लोकोक्ति कोश
_vकोश
_995828
650 _aIdiom Dictionary
_vDictionary
_995829
650 _aHindi dictionary English proverb
_995830
700 _aद्रिजेंद्र नाथ
_943331
942 _2ddc
_cHN
_h425
_mतिवारी
999 _c121231
_d121231